| 000 | 00396nam a2200157Ia 4500 | ||
|---|---|---|---|
| 008 | 230917s9999||||xx |||||||||||||| ||und|| | ||
| 020 | _cRS375 | ||
| 040 |
_e8274 _aMAIN |
||
| 041 | _aEnglish | ||
| 082 | _a352.054 T326D | ||
| 100 | _aThakur, Devendra, ed. | ||
| 245 | 0 | _aDistrict planning and panchayati raj | |
| 260 |
_aNew Delhi _bDeep and Deep _c1991 |
||
| 300 | _axvi, 472 p. | ||
| 942 | _cBK | ||
| 999 |
_c76296 _d76296 |
||